01830cam a2200241 4500001000500000005001700005008003900022010001700061020002800078082001200106100003300118100003300151245008000184260005800264300004000322440003300362504005100395505101000446650004101456650003101497650003501528700002501563764520181127184039.0020124s2002 cauab b 001 0 eng a 2002001137 a0804744548 (alk. paper)00a325221 aEltis, Davidbcdeeditorq aEltis, Davidbcdeeditorq00aCoerced and free migration :bglobal perspectives /cedited by David Eltis. aStanford, Calif. :bStanford University Press,c2002. axii, 447 p. :bill., maps ;c24 cm. 4aThe making of modern freedom aIncludes bibliographical references and index.0 aIntroduction: migration and agency in global history/ David Eltis -- Free and coerced migrations from the old world to the new / David Eltis -- Changing laws and regulations and their impact on migration / Stanley L. Engerman -- The epidemiology of migration / Philip D. Curtin -- The differential cultural impact of free and coerced migration to colonial America / Lorena S. Walsh -- Irish and German migration to eighteenth-century North America / Marianne S. Wokeck -- Migration and collective identities among the enslaved and free populations of North America / Mechal Sobel -- Freedom and indentured labor in the French Caribbean, 1848-1900 / David Northrup -- Asian contract and free migrations to the Americas / Walton Look Lai -- Convicts : unwilling migrants from Britain and France / Colin Forster -- Migration in early modern Russia, 1480s-1780s / Richard Hellie -- Peasant migration, the abolition of serfdom, and the internal passport system in the Russian Empire, c. 1800-1914 / david Moon. 0aEmigration and immigrationxHistory. 0aForced migrationxHistory. 0aPopulation transfersxHistory.1 aEltis, David,d1940-